|
|
|
|
| LEADER |
01191nam a2200325 a 4500 |
| 001 |
3705392 |
| 008 |
090719r1999 enkb b 000 1 eng d |
| 010 |
|
|
|a 79303130
|
| 020 |
|
|
|a 0140431268 :
|c £0.80 ($2.50)
|
| 020 |
|
|
|a 8171674054
|
| 040 |
|
|
|a DLC
|c DLC
|d DLC
|d OCoLC
|
| 082 |
0 |
0 |
|a 823/.8
|2 21
|
| 100 |
1 |
|
|a Hardy, Thomas,
|d 1840-1928.
|
| 245 |
1 |
0 |
|a Far from the madding crowd /
|c Thomas Hardy ; an introd. by Alan Chedzoy.
|
| 260 |
|
|
|a New Delhi :
|b Rupa.Co.,
|c 1999.[reprinted]
|
| 300 |
|
|
|a 384 p. ;
|c 18 cm.
|
| 490 |
1 |
|
|a Rupa Classics
|
| 504 |
|
|
|a Includes bibliographical references (p. 383-384).
|
| 541 |
1 |
|
|e 00010078
|
| 650 |
|
0 |
|a Farm life
|v Fiction.
|
| 650 |
|
0 |
|a Women farmers
|v Fiction.
|
| 650 |
|
0 |
|a Triangles (Interpersonal relations)
|v Fiction.
|
| 651 |
|
0 |
|a Wessex (England)
|v Fiction.
|
| 655 |
|
7 |
|a Pastoral fiction.
|2 gsafd
|
| 655 |
|
7 |
|a Didactic fiction.
|2 gsafd
|
| 655 |
|
7 |
|a Love stories.
|2 gsafd
|
| 700 |
1 |
|
|a Chedzoy, Alan.
|
| 852 |
4 |
|
|a Ayesha Abed Library
|j General Shelf.
|
| 999 |
|
|
|c 2514
|d 2514
|
| 952 |
|
|
|0 0
|1 0
|2 ddc
|4 0
|6 823_800000000000000_HAR_1999
|7 0
|9 9968
|a BRACUL
|b BRACUL
|c GEN
|d 2010-05-10
|l 9
|m 31
|o 823.8 HAR
|p 3010010078
|r 2025-09-11
|s 2025-08-18
|t 1
|w 2010-05-10
|y BK
|